Caricamento...

Foundations of modern EPR/

Dettagli Bibliografici
Autore principale: Eaton Gareth R
Natura: Printed Book
Pubblicazione: Singapore W S 1997
LEADER 00403 a2200109 4500
082 |a 535.84 EAT/F 
100 |q Eaton Gareth R 
245 |a Foundations of modern EPR/  |c byy Gareth R Eaton...et al 
260 |a Singapore  |b W S  |c 1997 
942 |2 ddc  |c BK 
999 |c 167225  |d 167225 
952 |0 0  |1 0  |2 ddc  |4 0  |6 535_840000000000000_EAT_F  |7 0  |9 184813  |a PHY  |b PHY  |c ST1  |d 2010-06-11  |i 3168  |l 0  |o 535.84 EAT/F  |p PHY3168  |r 2010-06-11  |w 2010-06-11  |y BK